L'île Maurice - Statistiques

Statistiques générales
  • Ce quiz a été pris 549 fois
  • Le résultat moyen est 12 sur 25
Statistiques - réponses
Question Réponse % Correct
dans quel océan est-elle située Indien
92%
à quel continent appartient-elle Afrique
91%
sa capitale Port-Louis
91%
quelle île française est située à 170 km à l'ouest Réunion
83%
comment s'appellent ses habitants Mauriciens
82%
combien de couleurs ornent son drapeau 4
81%
quelle grande île est située à 881 km à l'ouest Madagascar
80%
malgré sa disparition, il reste l'oiseau emblématique dodo
77%
Combien d'heures de vol sont nécessaires pour aller de Paris à l'île Maurice sans escale 11
74%
Comment se nomme le genre musical local, très dansant séga
50%
quelle île française est située à 1560 km à l'ouest Mayotte
45%
quelle île est située à 1800 km au nord ouest Comores
41%
année de l'indépendance du Royaume Uni 1968
39%
régime politique République
39%
de quel archipel fait-elle partie Mascareignes
37%
A Grand Bassin, quelle divinité est représentée par une statue de 108 pieds de haut shiva
31%
Sa culture recouvre la moitié de sa superficie canne à sucre
29%
immense jardin botanique où l'on trouve des nénuphars géants, jardin des ... pamplemousses
28%
langues principales (3) anglais français créole
26%
roman de Bernardin de Saint-Pierre qui raconte l'histoire de 2 enfants sur l'île Paul et Virginie
19%
Quel animal imposant est présent sur l'île à l'état sauvage ? cerf
16%
superficie (en km2) 2040
5%
de quel arbre le "pain de singe" est-il le fruit baobab
5%
ancien nom l'isle de France
5%
quel archipel rattaché à Maurice est situé à 390 km au nord est Saint-Brandon
3%
Aucun quiz correspondant
Distribution des résultats
% des personnes avec chaque résultat
Percentile par nombre de réponses
Votre historique - résultats
Vous n’avez pas pris ce quiz